Statistics for Anagram - Ülkeler

Click here to take the quiz!

General Stats

  • This quiz has been taken 1 184 times
  • The average score is 5 of 20

Answer Stats

HintCountry% Correct
"N - R - A - İ" ekleİran
100%
"N - İ" sil, "I - K" ekleIrak
81%
"I - R" sil, "N - Y - E" ekleKenya
57%
"A - K" sil, "E - M" ekleYemen
54%
"Y - E - E" sil, "M - U - A" ekleUmman
48%
"M - M" sil, "R - U" ekleNauru
32%
"U" sil, "D" ekleRuanda
16%
"U" sil, "A - İ - M - K" ekleDanimarka
14%
"G" sil, "Z" ekleZambiya
12%
"N" sil, "G" ekleGambiya
11%
"A - Y" sil, "B - E - V" ekleZimbabve
11%
"D - A - R - K" sil, "B - Y" ekleNamibya
10%
"B - V - M" sil, "R - L - Y" ekleBrezilya
8%
"L - L - O - D - A - N" sil, "T - İ - İ" ekleHaiti
7%
"S - U - R" sil, "L - A - L" ekleHollanda
7%
"B - N" sil, "Y - S" ekleSuriye
7%
"Z - L - Y - A" sil, "N - U" ekleBrunei
6%
"İ - M" sil, "O - D - H" ekleHonduras
6%
"H - İ - T" sil, "R - N" ekleİran
6%
"Y - E" sil, "M - N - A" ekleSurinam
6%

Score Distribution

Percentile by Number Answered

Percent of People with Each Score

Your Score History

You have not taken this quiz